000 00626nam a22001937a 4500
005 20170616120443.0
010 _aENG-118695
020 _a9789380925387
_c350.00
035 _aEN-102227
037 _bDBAD/PUB
082 _a388.4
100 _aMaiti,arnab kumar
245 _aHelps to the study on traffic and transport management /
_cby Arnab kumar maiti
260 _aNew Delhi
_bBee books publisher
_c2015
270 _a4858/24, lower ground floor (basement), ansari road, daryaganj,
300 _a222.p.
_c22cms.(Hbk)
_bill.(7 pages)
500 _aincludes index
942 _2ddc
_cEN
_h388.4
_mMAI
999 _c141205
_d141205